Statistics for Presidential Candidates That Lost Twice

Click here to take the quiz!

General Stats

  • This quiz has been taken 12 times
  • The average score is 3 of 5

Answer Stats

Election CampaignsAnswer% Correct
1952, 1956Adlai Stevenson
83%
1944, 1948Thomas Dewey
83%
1896, 1900, 1908William Bryan
75%
1824, 1832, 1844Henry Clay
50%
1804, 1808Charles Pinckney
25%

Score Distribution

Percentile by Number Answered

Percent of People with Each Score

Your Score History

You have not taken this quiz